Statistics for Characters Played by Different Actors #13

Click here to take the quiz!

General Stats

  • This quiz has been taken 111 times
  • The average score is 8 of 20

Answer Stats

ActorsHintCharacter% Correct
Julie Andrews; Emily Blunt*nannyMary Poppins
85%
Michael Caine; Jeremy IronsbutlerAlfred Pennyworth
73%
Charlton Heston; Jack HustoncharioteerJudah Ben-Hur
72%
Marlon Brando; Robert DeNirogangsterVito Corleone
71%
Sally Field; Marisa TomeiauntAunt May
67%
Mia Sara; Margot RobbiesidekickHarley Quinn
56%
Jude Law; Lucy LiudoctorDr. Watson
48%
Sam Neill; Ben KingsleywizardMerlin
43%
Lois Maxwell; Naoime HarrissecretaryMoneypenny
41%
William Bendix; John GoodmanathleteBabe Ruth
37%
Tim Curry; Christopher WaltzcardinalRichelieu
33%
Clancy Brown; Robert DeNirozombieFrankenstein's Monster
25%
Louis Prima; Christopher Walkengreat apeKing Louie
24%
Katie Holmes; Maggie Gyllenhaalassistant D.A.Rachel Dawes
23%
Terence Stamp; Michael ShannongeneralGeneral Zod
21%
John Turturro; Steve CoogangodHades
17%
Frank Morgan; James FrancohucksterOz
16%
Miranda Richardson; Debra Messingalleged prostituteMary Magdalene
15%
George Sanders; Idris ElbamisanthropistShere Khan
9%
Atsuko Tanaka; Scarlett JohanssonmajorMotoko Kusanagi
8%

Score Distribution

Percentile by Number Answered

Percent of People with Each Score

Your Score History

You have not taken this quiz